ARRUPE JESUIT UNIVERSITY

CORONAVIRUS -STOP THE SPREAD - CLEAN,DISINFECT,COVER

Garfield Todd : (Record no. 131789)

MARC details
000 -LEADER
fixed length control field 01089cam a2200289 i 4500
001 - CONTROL NUMBER
control field 20558652
003 - CONTROL NUMBER IDENTIFIER
control field ARRUPE
005 - DATE AND TIME OF LATEST TRANSACTION
control field 20240208120702.0
008 - FIXED-LENGTH DATA ELEMENTS--GENERAL INFORMATION
fixed length control field 180627s2018 rh a b 001 0beng
010 ## - LIBRARY OF CONGRESS CONTROL NUMBER
LC control number 2018354347
020 ## - INTERNATIONAL STANDARD BOOK NUMBER
International Standard Book Number 9781779223234 (p/b)
020 ## - INTERNATIONAL STANDARD BOOK NUMBER
International Standard Book Number 9781779223241 (epub)
040 ## - CATALOGING SOURCE
Original cataloging agency DLC
Language of cataloging eng
Description conventions rda
Transcribing agency DLC
042 ## - AUTHENTICATION CODE
Authentication code lcode
-- pcc
043 ## - GEOGRAPHIC AREA CODE
Geographic area code f-rh---
050 00 - LIBRARY OF CONGRESS CALL NUMBER
Classification number DT2984.T63
Item number W66 2018
300 ## - PHYSICAL DESCRIPTION
Other physical details illustrations ;
Dimensions 23 cm
100 1# - MAIN ENTRY--PERSONAL NAME
Personal name Woodhouse, Susan
Titles and other words associated with a name (Biographer of Garfield Todd),
Relator term author.
9 (RLIN) 52411
245 10 - TITLE STATEMENT
Title Garfield Todd :
Remainder of title the end of the liberal dream in Rhodesia : authorised biography /
Statement of responsibility, etc Susan Woodhouse.
260 ## - PUBLICATION, DISTRIBUTION, ETC. (IMPRINT)
Place of publication, distribution, etc Harare
Name of publisher, distributor, etc Weaver Press
Date of publication, distribution, etc 2018
300 ## - PHYSICAL DESCRIPTION
Extent xli, 564 pages :
504 ## - BIBLIOGRAPHY, ETC. NOTE
Bibliography, etc Includes bibliographical references (pages 533-539) and index.
600 10 - SUBJECT ADDED ENTRY--PERSONAL NAME
Personal name Todd, Garfield,
Dates associated with a name 1908-2002.
9 (RLIN) 52412
650 #0 - SUBJECT ADDED ENTRY--TOPICAL TERM
Topical term or geographic name as entry element Politicians
Geographic subdivision Zimbabwe
Form subdivision Biography.
9 (RLIN) 22831
906 ## - LOCAL DATA ELEMENT F, LDF (RLIN)
a 7
b cbc
c origode
d 3
e ncip
f 20
g y-gencatlg
942 ## - ADDED ENTRY ELEMENTS (KOHA)
Source of classification or shelving scheme Library of Congress Classification
Koha item type Monograph ( Printed materials)
Holdings
Withdrawn status Lost status Source of classification or shelving scheme Damaged status Not for loan Collection code Home library Current library Shelving location Date acquired Total Checkouts Full call number Barcode Date last seen Price effective from Koha item type
    Library of Congress Classification     Main Collection ARRUPE LIBRARY ARRUPE LIBRARY Main Collection 08/02/2024   DT2984.T63 W66 2018 46700000330 08/02/2024 08/02/2024 Monograph ( Printed materials)

 

Arrupe Library. PO Box MP320 Mt Pleasant, Harare, Zimbabwe
263 242 745411|librarian@aju.ac.zw